000 01079nam0a22003011 4500
001 RU\INFOCOMM_322\NLR\5000232063
005 20250613112338.0
010 _96000 экз.
_a5-03-000008-9
035 _a(NLR Aleph) 009607980
090 _a9353209
_c9353209
100 _a20130314d1988 |||y0rusy50 ca
101 1 _aeng
_crus
102 _aRU
105 _ay z |||||
200 1 _aOptical instrumentation
_eTheory a. des.
_fB. N. Begunov, N. P. Zakaznov, S. I. Kiryushin, V. I. Kuzichev
_g[Transl. form the Russ. by M. Edelev]
205 _aRev. from the 1981 Russ. ed.
210 _aM.
_cMir
_d1988
215 _a453 с.
_cил.
_d22 см
300 _aВ вып. дан.: Теория оптических систем / Борис Николаевич Бегунов и др.
320 _aБиблиогр.: с. 447-448
620 _aМосква
686 _aВ342.2я73-1
_2rubbk
701 1 _aBegunov
_bB. N.
_f-1972
_gBoris Nikolaevič
801 1 _aRU
_bInfocomm
_c20130314
801 0 _aRU
_bINFOCOMM
_gPSBO
852 _aNLR
_jФз01 Д-5/444
942 _cBOOK
980 _aNB